Preparation of Master plan For Urban Wastewater Treatment Facilities In Pakistan (Record no. 328817)

000 -LEADER
fixed length control field nam a22 7a 4500
003 - CONTROL NUMBER IDENTIFIER
control field Nust
005 - DATE AND TIME OF LATEST TRANSACTION
control field 20170417141334.0
008 - FIXED-LENGTH DATA ELEMENTS--GENERAL INFORMATION
fixed length control field 170417b xxu||||| |||| 00| 0 eng d
040 ## - CATALOGING SOURCE
Transcribing agency 0
082 ## - DEWEY DECIMAL CLASSIFICATION NUMBER
Classification number 363.7284 EPM
245 ## - TITLE STATEMENT
Title Preparation of Master plan For Urban Wastewater Treatment Facilities In Pakistan
Remainder of title Stage-V Feasibility Report
260 ## - PUBLICATION, DISTRIBUTION, ETC.
Place of publication, distribution, etc. Lahore
Name of publisher, distributor, etc. EPMC
Date of publication, distribution, etc. 2001
300 ## - PHYSICAL DESCRIPTION
Extent 250p.
500 ## - GENERAL NOTE
General note P.B
942 ## - ADDED ENTRY ELEMENTS (KOHA)
Source of classification or shelving scheme
Koha item type Book
Call number prefix 363.7284 EPM
Holdings
Withdrawn status Lost status Source of classification or shelving scheme Damaged status Not for loan Collection code Permanent Location Current Location Shelving location Date acquired Total Checkouts Full call number Barcode Date last seen Price effective from Koha item type
            Institute of Environmental Science and Engineering (IESE) Institute of Environmental Science and Engineering (IESE) General Stacks 04/17/2017   363.7284 EPM IESE-685 04/17/2017 04/17/2017 Book
© 2023 Central Library, National University of Sciences and Technology. All Rights Reserved.